Variance in commercial property valuations for lending purposes: an empirical study (Record no. 67400)

MARC details
000 -LEADER
fixed length control field 01116cam a2200241 4500
001 - CONTROL NUMBER
control field X113184
008 - FIXED-LENGTH DATA ELEMENTS--GENERAL INFORMATION
fixed length control field 000000n2001 000 0 eng u
035 ## - SYSTEM CONTROL NUMBER
System control number (Sirsi) u113184
100 ## - MAIN ENTRY--PERSONAL NAME
Personal name Bretten, J.
245 ## - TITLE STATEMENT
Title Variance in commercial property valuations for lending purposes: an empirical study
260 ## - PUBLICATION, DISTRIBUTION, ETC.
Date of publication, distribution, etc. 2001
490 ## - SERIES STATEMENT
Series statement Journal of Property Investment and Finance
Volume/sequential designation 19(3) 2001, 267-282(16)
520 ## - SUMMARY, ETC.
Summary, etc. Discusses the findings of a survey of valuers into the extent and causes of variance in the valuation of property investments for commercial lending purposes within the UK. The main cause of variance was revealed to be individual 'behavioural influences' with the margin of error principle being generally accepted as a test of negligence by those involved in valuations. References, tables.
650 ## - SUBJECT ADDED ENTRY--TOPICAL TERM
Topical term or geographic name entry element COMMERICAL PROPERTY
650 ## - SUBJECT ADDED ENTRY--TOPICAL TERM
Topical term or geographic name entry element MARGIN OF ERROR
650 ## - SUBJECT ADDED ENTRY--TOPICAL TERM
Topical term or geographic name entry element PROPERTY INVESTMENT VALUATION
650 ## - SUBJECT ADDED ENTRY--TOPICAL TERM
Topical term or geographic name entry element VALUATION ACCURACY
650 ## - SUBJECT ADDED ENTRY--TOPICAL TERM
Topical term or geographic name entry element VALUATION VARIATIONS
650 ## - SUBJECT ADDED ENTRY--TOPICAL TERM
Topical term or geographic name entry element VALUATIONS
690 ## - LOCAL SUBJECT ADDED ENTRY--TOPICAL TERM (OCLC, RLIN)
Topical term or geographic name as entry element PROPERTY-PROPERTY APPRAISAL AND VALUATION
700 ## - ADDED ENTRY--PERSONAL NAME
Personal name Wyatt, P.
942 ## - ADDED ENTRY ELEMENTS (KOHA)
Suppress in OPAC 0
Holdings
Withdrawn status Lost status Source of classification or shelving scheme Damaged status Not for loan Home library Current library Shelving location Date acquired Total Checkouts Full call number Barcode Date last seen Copy number Price effective from Koha item type
    Dewey Decimal Classification     London London Journal article 20/06/2001   X113184 113184-1001 06/08/2019 1 06/08/2019 Journal article